Central Library OPAC University of Rajshahi

Radicalism and the revolt against reason : (Record no. 57211)

MARC details
000 -LEADER
fixed length control field 00710nam a2200229 a 4500
001 - CONTROL NUMBER
control field 57211
003 - CONTROL NUMBER IDENTIFIER
rucl marc code BD-RjUL
005 - DATE AND TIME OF LATEST TRANSACTION
control field 20211209080500.0
008 - FIXED-LENGTH DATA ELEMENTS--GENERAL INFORMATION
fixed length control field 161207s1961 enk 001 0 eng
035 ## - SYSTEM CONTROL NUMBER
System control number (BD-RjUL)57335
040 ## - CATALOGING SOURCE
Original cataloging agency DLC
Transcribing agency OTU
Modifying agency OTU
-- BD-RjUL
Language of cataloging eng
041 ## - LANGUAGE CODE
Language code of text/sound track or separate title eng
082 ## - DEWEY DECIMAL CLASSIFICATION NUMBER
Edition number 23
Classification number 303484
Author mark and year HOR 1961
100 1# - MAIN ENTRY--PERSONAL NAME
Personal name Horowitz, Irving Louis.
9 (RLIN) 169912
245 10 - TITLE STATEMENT
Title Radicalism and the revolt against reason :
Remainder of title the social theoris of Georges Sorel /
Statement of responsibility, etc. Irving Louis Horowitz,
260 ## - PUBLICATION, DISTRIBUTION, ETC. (IMPRINT)
Place of publication, distribution, etc. New York :
Name of publisher, distributor, etc. Humanities Press,
Date of publication, distribution, etc. c1961
300 ## - PHYSICAL DESCRIPTION
Pagination viii, 264 p. ;
Size 23 cm.
500 ## - GENERAL NOTE
General note Include index
600 10 - SUBJECT ADDED ENTRY--PERSONAL NAME
Personal name Sorel, Georges,
Dates associated with a name 1847-1922.
942 ## - ADDED ENTRY ELEMENTS (KOHA)
Source of classification or shelving scheme Dewey Decimal Classification
Koha item type Books
Holdings
Lost status Source of classification or shelving scheme Damaged status Not for loan Collection code Permanent Location Current Location Shelving location Date acquired Source of acquisition Cost, normal purchase price Total Checkouts Full call number Date last seen Copy number Koha item type
  Dewey Decimal Classification   Not For Loan Non-fiction Central Library, University of Rajshahi Central Library, University of Rajshahi Reading Room 07/12/2016 Swets & zeitlinger 30.00   303.484 HOR 1961 07/12/2016 C-1 Books